000
00232nam a22001097a 4500
082
_a
297.55
_b
ASA
245
_a
Asan hajj va umrah
300
_a
240p.
563
_a
HB
650
_a
Hajj
_a
Pillars of Islam
_9
118646
942
_2
ddc
_c
BK
999
_c
606822
_d
606822